Statistiques concernant Pays avec le plus de millionaires

Cliquez ici pour prendre le quiz!

Statistiques générales

  • Ce quiz a été pris 5,945 fois
    (5,896 depuis la dernière actualisation)
  • Le résultat moyen est 14 sur 18

Statistiques - réponses

nombre pays % Correct
13 554 000Etats-Unis
99%
1 617 000France
99%
1 590 000Chine
96%
1 637 000Allemagne
92%
2 826 000Japon
91%
2 225 000Royaume-Uni
90%
1 117 000Canada
90%
386 000Espagne
89%
1 132 000Italie
87%
716 000Suisse
80%
1 060 000Australie
77%
285 000Suède
68%
307 000Belgique
62%
287 000Pays-Bas
57%
679 000Corée du Sud
56%
217 000Autriche
51%
240 000Danemark
44%
356 000Taïwan
27%

Distribution des résultats

Percentile par nombre de réponses

% des personnes avec chaque résultat

Votre développement - résultats

Vous n’avez pas pris ce quiz depuis la dernière actualisation